00929 a2200169 4500003000500000005001700005020001500022040000900037082001700046100001800063245006200081250001100143260003300154300002500187505051300212650003400725Nust20221123124442.0 a8174090940 cNust a621.3813,DAS aDas, Sajal K. aMicrowave signals and systems engineering /cDas Sajal K. a1st ed aDelhibKhanna Publiserc2000 a323 p.billusc24 cm aElectromagnetic Spectrum and Introduction to Microwave (Page-1), electromagnetic Field Theory (Page-10), Transmission Line (Page-31), Smith Chart (Page-58), Wave Guides (Page-66), Planar Transmission Line (Page-113), Network Parameters Analysis (Page-124), Microwave Components (Page-144), Microwave Sources (Page-179), Microwave Measurements Techniques (Page-210), Antenna (Page-225), Radar Systems Microwave Communication (Page-280), Electromagnetic Interface and Electromagnetic Compatibility (Page-305). aTelecommunication Engineering